|
|
|
|
| LEADER |
00000nam a2200000 a 4500 |
| 001 |
vtls001425431 |
| 003 |
SK-MaSNL |
| 005 |
20260224070854.0 |
| 008 |
180126sm y0 xo 0 und |
| 035 |
|
|
|a SNK000380327
|
| 040 |
|
|
|a SNK
|b slo
|c SNK
|e AACR2
|
| 044 |
|
|
|a xo
|c SK
|
| 245 |
1 |
|
|a STN EN ISO 8178-4 Piestové spaľovacie motory. Meranie emisií výfukových plynov. Časť 4: Skúšobné cykly na rôzne použitie motora (ISO 8178-4:1996)
|
| 260 |
|
|
|a Bratislava
|b Slovenský ústav technickej normalizácie
|c 2001
|
| 300 |
|
|
|a 28 s.
|
| 999 |
|
|
|c 899352
|d 901282
|
| 952 |
|
|
|t P60, <03>, [BOOK], {603}
|a SNK
|b SNK
|y PREZ
|7 0
|p 17A0324546
|o snkSTN EN ISO 8178-4
|i snkN 2407/2001
|0 0
|1 0
|4 0
|d 2001-11-29
|l 0
|r 2005-01-02 00:00:00
|w 2026-02-24
|
| 952 |
|
|
|t P60, <04>, [BOOK], {604}
|a SNK
|b SNK
|y VYP
|7 0
|p 17A0324545
|o snkSTN EN ISO 8178-4 D1
|i snkN 2408/2001
|0 0
|1 0
|4 0
|d 2001-11-29
|l 0
|r 2005-01-02 00:00:00
|w 2026-02-24
|